{"text_format":"3","workbook":"xlsx","n_sheets":1,"sheets":["Sheet1"],"read":"whole","date_system":"1900"}

{"sheet":"Sheet1","index":0,"n_rows":22,"n_cols":9,"rows_kept":22,"merged":[[0,0,0,8],[1,0,3,0],[1,1,3,1],[1,2,3,2],[1,3,3,3],[1,4,3,4],[1,5,1,6],[1,7,1,8],[2,5,3,5],[2,6,3,6],[2,7,3,7],[2,8,3,8],[18,0,18,8],[19,0,19,8],[20,0,20,8],[21,0,21,8]]}
["芦山县垃圾填埋场维修加固项目钢结构材料采购需求计划控制价清单"]
["序号","项目名称","项目特征描述","计量\r\n单位","工程量","控制价（含税）",null,"投标报价（含税）"]
["","","","","","单价（元）","合价（元）","单价（元）","合价（元）"]
["","","","","","",""]
[1,"地脚错栓\nM24","1.构件类型：地脚螺栓M24\n2.钢材种类：综合\n3.规格、尺寸：综合\n4.其他：满足设计、招标文件、相关图集 、现行施工及验收规范等相关要求","套",48,23.69,1137.12]
[2,"钢屋架","1.构件类型：实腹钢架\n2.钢材种类：Q345B\n3.安装方式：综合\n4.螺栓种类：普通螺栓\n5.其他：满足设计、招标文件、相关图集 、现行施工及验收规范等相关要求","t",9.49,499.5,47407.3]
[3,"钢檩条型钢","1.构件类型：   型钢钢檩条\n2.钢材种类：Q235B\n3.安装方式；综合\n4.螺栓种类：普通螺栓\n4.其他：满足设计、招标文件、相关图集 、现行施工及验收规范等相关要求","t",6.482,5273.6,34183.48]
[4,"钢拉杆","1.构件类型：钢拉杆\n2,钢材种类：综合\n3.安装方式：综合\n4.螺栓种类：普通螺栓\n5.其他：满足设计、招标文件、相关图集 、现行施工及验收规范等相关要求","米",900,5.66,{"$f":"E8*F8","v":5094}]
[5,"钢支撑型钢","1.构件类型：   型钢钢支撑\n2.钢材种类：综合\n3.安装方式：综合\n4.螺栓种类：普通螺栓\n5.其他：满足设计、招标文件、相关图集 、现行施工及验收规范等相关要求","t",0.863,8634.02,7451.16]
[6,"零星钢构件","1.构件类型：零星钢构件\n2.钢材种类：综合\n3.安装方式：综合\n4.螺栓种类：普通螺栓\n5.其他：满足设计、招标文件、相关图集 、现行施工及验收规范等相关要求","t",0.82,8650.7,7093.57]
[7,"屋面检修梯","1.屋面检修梯\n2.检修梯详15J401D3页WT¹C-66","个",1,2317.5,2317.5]
[8,"高强螺栓","1.构件类型：高强螺栓\n2.钢材种类：综合\n3.规格、尺寸：综合\n4.其他：满足设计、招标文件、相关图集 、现行施工及验收规范等相关要求","套",120,10.3,1236]
[9,"屋面760型彩 钢压型板","1.型材品种、规格：钢梁(另计)\n2.金属檩条材料品种、规格：镀锌檩条 ( 另 计 )\n3.面层种类；屋面760型0.576厚彩钢压型 板，50厚保温棉(A级)PV革+钢丝网\n4.完成本清单项目所需的一切相关工作\n5.满足设计、招标文件、相关图集、现行 施工及验收规范筹粗关要求","m²",410.5,55,22577.5]
[10,"单层彩钢板 外墙","1.基层类型；钢梁、镀锌檩条(另计)  2.装饰面层种类：840型深灰色彩钢墙面\n板0.6厚\n3.满足设计、招标文件、相关图集、现行 施工及验收规范等相关要求","m²",555.2,30.4,16878.08]
[11,"钢天沟","1.构件类型：详设计\n2.钢材种类：综合\n3.安装方式：综合\n4.螺栓种类：普通螺栓包含在投标报价中 5.满足设计、招标文件、相关图集、现行 施工及验收规范等相关要求","m",58,121.54,7049.32]
[12,"电动卷帘门","1. 电动卷帘门(带平开门)\n2.带电动装置\n3.满足设计、招标文件、相关图集、现行 施工及验收规范等相关要求","m²",34.4,345,11868]
[13,"多腔塑钢型 材推拉窗","1.多腔塑钢型材窗\n2.综合考虑铁门制作、安装，五金、门锁 、防护材料等\n3.计价包括五金、门锁、等材料费用\n4.满足设计、招标文件、相关图集、现行\n施工及验收规范等相关要求","m²",69.26,211,14613.86]
[]
["（含税）控制价总价：    178906.88  元 "]
["税率：  3 %   "]
["（含税）报价总价：           元 "]
[" 备注： 以上报价为含税报价，不含安装"]